000 00639nam a2200181 4500
001 148163
003 ES-MaACL
005 20230906202450.0
007 t|
008 070214s1969 sp r ||||1| spa d
100 1 _aStamer, Hans.
_9107874
245 1 0 _aTeoría del mercado agrario
_b: factores determinantes y tendencia del mercado /
_cHans Stamer ; traducción de Germán Valcárcel-Resalt, Francisco Muñoz Escalona.
260 _aLeón :
_bAcademia,
_c1969.
300 _a335 p. ;
_c23 cm.
700 1 _aValcárcel-Resalt, Germán.
_9112476
700 1 _aMuñoz Escalona, Francisco.
_984408
852 _aES-MaACL
_jC-41088
_bR.80261
999 _c148163
_d148163